[Event "SLO-chT1 West 29th"]
[Site "Slovenia"]
[Date "2019.10.20"]
[Round "9.3"]
[White "Vesel, Mark"]
[Black "Kariz, Peter"]
[Result "1/2-1/2"]
[WhiteElo "1995"]
[BlackElo "2129"]
[PlyCount "63"]
[EventDate "2019.09.20"]
[EventType "team-tourn"]
[EventRounds "9"]
[EventCountry "SLO"]
[SourceTitle "CBM 192 Extra"]
[Source "Chessbase"]
[SourceDate "2019.11.06"]
[SourceVersion "1"]
[SourceVersionDate "2019.11.06"]
[SourceQuality "1"]
[WhiteTeam "Kocevje"]
[BlackTeam "Vrhnika"]
[WhiteTeamCountry "SLO"]
[BlackTeamCountry "SLO"]

1. e4 c5 2. Nf3 e6 3. d4 cxd4 4. Nxd4 a6 5. c4 Nf6 6. Nc3 Bb4 7. Bd3 Nc6 8. Nxc6 dxc6 9. 0-0 e5 10. h3 Bc5 11. Rb1 b5 12. Qe2 0-0 13. Be3 Qb6 14. Bxc5 Qxc5 15. Rbc1 Qa7 16. cxb5 axb5 17. a3 Be6 18. Rfd1 Rfd8 19. Qf3 Nd7 20. Ne2 Qb6 21. Ng3 Nc5 22. Qe3 Bc4 23. Bxc4 Rxd1+ 24. Rxd1 bxc4 25. Nf5 Qb3 26. Qxb3 cxb3 27. Ne7+ Kf8 28. Nxc6 f6 29. f3 Na4 30. Rd3 Nxb2 31. Rxb3 Nc4 32. Rb8+ 1/2-1/2

[Event "SLO-chT1 West 29th"]
[Site "Slovenia"]
[Date "2019.10.19"]
[Round "8.1"]
[White "Vesel, Mark"]
[Black "Zamar Kodelja, Jurij"]
[Result "1-0"]
[WhiteElo "1995"]
[BlackElo "2282"]
[PlyCount "65"]
[EventDate "2019.09.20"]
[EventType "team-tourn"]
[EventRounds "9"]
[EventCountry "SLO"]
[SourceTitle "CBM 192 Extra"]
[Source "Chessbase"]
[SourceDate "2019.11.06"]
[SourceVersion "1"]
[SourceVersionDate "2019.11.06"]
[SourceQuality "1"]
[WhiteTeam "Kocevje"]
[BlackTeam "Nova Gorica"]
[WhiteTeamCountry "SLO"]
[BlackTeamCountry "SLO"]

1. e4 c5 2. Nf3 d6 3. Bb5+ Bd7 4. Bxd7+ Qxd7 5. 0-0 Nf6 6. Re1 Nc6 7. c3 e6 8. d4 cxd4 9. cxd4 d5 10. e5 Ng8 11. Nc3 Bb4 12. Bd2 Nh6 13. a3 Bxc3 14. Bxc3 0-0 15. b4 a6 16. Qd3 Na7 17. Ng5 Nf5 18. g4 Qe7 19. Bd2 h6 20. gxf5 hxg5 21. f6 gxf6 22. exf6 Qxf6 23. Re5 Rfe8 24. Rxg5+ Kf8 25. b5 a5 26. Re1 Nc8 27. Qg3 Ne7 28. Bf4 Nf5 29. Rxf5 Qxf5 30. Bd6+ Re7 31. Qh4 Qg6+ 32. Kh1 Rae8 33. f3 1-0

[Event "SLO-chT1 West"]
[Site "Slovenia"]
[Date "2018.10.28"]
[Round "9.5"]
[White "Vesel, Mark"]
[Black "Marinsek, Tomaz"]
[Result "1/2-1/2"]
[WhiteElo "2038"]
[BlackElo "2127"]
[PlyCount "74"]
[EventDate "2018.09.28"]
[EventType "team-tourn"]
[EventRounds "9"]
[EventCountry "SLO"]
[SourceTitle "CBM 187 Extra"]
[Source "ChessBase"]
[SourceDate "2018.11.04"]
[SourceVersion "1"]
[SourceVersionDate "2018.11.04"]
[SourceQuality "1"]
[WhiteTeam "Kocevje"]
[BlackTeam "Trebnje BMP"]
[WhiteTeamCountry "SLO"]
[BlackTeamCountry "SLO"]

1. e4 d5 2. exd5 Qxd5 3. Nc3 Qe5+ 4. Qe2 Qxe2+ 5. Ngxe2 c6 6. g3 Nf6 7. Bg2 Bf5 8. d3 Nbd7 9. 0-0 e6 10. h3 h5 11. a3 Be7 12. Bd2 0-0 13. Ne4 Rad8 14. N2c3 Nb6 15. Bg5 Nbd5 16. Rfe1 Rfe8 17. Kh2 Rd7 18. f4 Nxc3 19. Nxc3 Nd5 20. Bxe7 Rexe7 21. Ne4 Bxe4 22. Rxe4 g6 23. Rae1 Re8 24. Bf3 Red8 25. Re5 Nf6 26. h4 Rd4 27. Kg2 Kg7 28. Ra5 a6 29. Rae5 R8d7 30. Kf2 Rd8 31. b4 Nd7 32. R5e4 Rd6 33. Rc4 Nb6 34. Rc5 Nd7 35. Rc4 Nb6 36. Rc5 Nd7 37. Rc4 Nb6 1/2-1/2

[Event "SLO-chT1 West"]
[Site "Ljubljana"]
[Date "2015.11.08"]
[Round "6"]
[White "Vesel, Mark"]
[Black "Kosmac, Blaz"]
[Result "0-1"]
[WhiteElo "2058"]
[BlackElo "2221"]
[PlyCount "62"]
[EventDate "2015.10.16"]
[EventType "team-tourn"]
[EventRounds "9"]
[EventCountry "SLO"]
[SourceTitle "EXT 2019"]
[Source "ChessBase"]
[SourceDate "2018.10.10"]
[SourceVersion "1"]
[SourceVersionDate "2018.10.10"]
[SourceQuality "1"]
[WhiteTeam "Kocevje"]
[BlackTeam "Prevodi Dvojka"]
[WhiteTeamCountry "SLO"]
[BlackTeamCountry "SLO"]

1. e4 c5 2. Nf3 e6 3. c4 a6 4. Nc3 Qc7 5. Be2 d6 6. d4 cxd4 7. Nxd4 Nf6 8. Be3 Be7 9. 0-0 Nbd7 10. Rc1 0-0 11. Qd2 b6 12. Rfd1 Bb7 13. f3 Rac8 14. Bf1 Qb8 15. Qf2 Bd8 16. b3 Bc7 17. Qh4 Rfe8 18. g4 Ne5 19. g5 Ng6 20. Qh3 Nd7 21. Bd3 d5 22. cxd5 Bf4 23. Bxf4 Nxf4 24. Qg4 Nxd3 25. dxe6 fxe6 26. Nxe6 N7e5 27. Qf5 Nxc1 28. Nxg7 Rf8 29. Qe6+ Kxg7 30. Qh6+ Kg8 31. g6 Nxf3+ 0-1

[Event "SLO-chT1 West"]
[Site "Ljubljana"]
[Date "2013.09.28"]
[Round "2"]
[White "Vesel, Mark"]
[Black "Kovacic, Peter"]
[Result "1/2-1/2"]
[WhiteElo "2067"]
[BlackElo "2179"]
[PlyCount "60"]
[EventDate "2013.09.27"]
[EventType "team-tourn"]
[EventRounds "9"]
[EventCountry "SLO"]
[SourceTitle "EXT 2019"]
[Source "ChessBase"]
[SourceDate "2018.10.10"]
[SourceVersion "1"]
[SourceVersionDate "2018.10.10"]
[SourceQuality "1"]
[WhiteTeam "Kocevje"]
[BlackTeam "Kranj Tomo Zupan"]
[WhiteTeamCountry "SLO"]
[BlackTeamCountry "SLO"]

1. e4 b6 2. d4 Bb7 3. Bd3 e6 4. Nf3 Nf6 5. Nbd2 d5 6. e5 Ne4 7. Qe2 Nxd2 8. Bxd2 c5 9. c3 Nc6 10. a3 c4 11. Bc2 Be7 12. 0-0 Qd7 13. Ng5 g6 14. Qf3 Bd8 15. Rae1 h6 16. Qh3 Bc7 17. f4 0-0-0 18. Nf3 Kb8 19. Kh1 a6 20. Re2 Rdg8 21. Ng1 Bd8 22. Ref2 Ne7 23. Qf3 h5 24. Nh3 Nf5 25. Ng5 f6 26. exf6 Bxf6 27. Bxf5 exf5 28. Re1 Re8 29. Rfe2 Bxg5 30. fxg5 Re4 1/2-1/2

[Event "SLO-chT1 West"]
[Site "Ljubljana"]
[Date "2012.09.28"]
[Round "4.2"]
[White "Vesel, Mark"]
[Black "Gantar, Jan"]
[Result "1/2-1/2"]
[WhiteElo "2065"]
[BlackElo "2205"]
[PlyCount "31"]
[EventDate "2012.09.21"]
[EventType "team-tourn"]
[EventRounds "9"]
[EventCountry "SLO"]
[SourceTitle "EXT 2022"]
[Source "ChessBase"]
[SourceDate "2021.10.06"]
[SourceVersion "1"]
[SourceVersionDate "2021.10.06"]
[SourceQuality "1"]
[WhiteTeam "Kocevje"]
[BlackTeam "Komenda SK"]
[WhiteTeamCountry "SLO"]
[BlackTeamCountry "SLO"]

1. e4 e6 2. Nc3 d5 3. Nf3 Nf6 4. e5 Nfd7 5. d4 c5 6. dxc5 Nxc5 7. Bd3 Be7 8. h4 Nc6 9. a3 a6 10. Bf4 Nxd3+ 11. Qxd3 Bd7 12. h5 Rc8 13. Rh3 Qa5 14. Rg3 Kf8 15. Qd2 h6 16. Ne2 1/2-1/2

[Event "SLO-chT1 West"]
[Site "Ljubljana"]
[Date "2010.10.15"]
[Round "7.3"]
[White "Vesel, Mark"]
[Black "Soln, Primoz"]
[Result "0-1"]
[WhiteElo "2084"]
[BlackElo "2390"]
[PlyCount "98"]
[EventDate "2010.09.24"]
[EventType "team-tourn"]
[EventRounds "9"]
[EventCountry "SLO"]
[SourceTitle "CBM 138 Extra"]
[Source "ChessBase"]
[SourceDate "2010.10.29"]
[SourceVersion "1"]
[SourceVersionDate "2010.10.29"]
[SourceQuality "1"]
[WhiteTeam "Kocevje"]
[BlackTeam "Ljubljana Vidmar"]
[WhiteTeamCountry "SLO"]
[BlackTeamCountry "SLO"]

1. e4 c5 2. Nc3 e6 3. g3 Nc6 4. Bg2 g6 5. d3 Bg7 6. Be3 Nd4 7. Qd2 Rb8 8. Nge2 b5 9. 0-0 d6 10. Nd1 Ne7 11. Nc1 e5 12. c3 Ne6 13. f4 f5 14. Ne2 0-0 15. Nf2 b4 16. d4 bxc3 17. bxc3 exd4 18. cxd4 Ba6 19. exf5 gxf5 20. Rad1 cxd4 21. Nxd4 Nxd4 22. Bxd4 Bxd4 23. Qxd4 Bxf1 24. Bxf1 Qb6 25. Bc4+ d5 26. Bxd5+ Nxd5 27. Qxd5+ Kh8 28. Qe5+ Qf6 29. Rd6 Qxe5 30. fxe5 f4 31. gxf4 Rxf4 32. Rd2 h5 33. Re2 Rg8+ 34. Kf1 Re8 35. Ke1 Rd4 36. Nh3 Rd5 37. Nf4 Ra5 38. e6 Rf5 39. Re4 Kg7 40. Ke2 Kf6 41. Rd4 Re5+ 42. Kf3 Rf8 43. Rd7 Rf5 44. Rxa7 Kg5 45. Rg7+ Kh6 46. Rf7 R8xf7 47. exf7 Kg5 48. h4+ Kxh4 49. Ke4 Rxf7 0-1

[Event "SLO-chT"]
[Site "Bled"]
[Date "2005.11.13"]
[Round "9"]
[White "Vesel, Mark"]
[Black "Kastelic, Marian"]
[Result "1/2-1/2"]
[WhiteElo "1873"]
[BlackElo "2315"]
[PlyCount "21"]
[EventDate "2005.11.03"]
[EventType "team"]
[EventRounds "9"]
[EventCountry "SLO"]
[SourceTitle "CBM 109 Extra"]
[Source "ChessBase"]
[SourceDate "2006.01.03"]
[SourceVersion "2"]
[SourceVersionDate "2006.01.03"]
[SourceQuality "1"]

1. e4 c5 2. Nc3 Nc6 3. g3 g6 4. Bg2 Bg7 5. d3 e6 6. Be3 b6 7. Qd2 Nge7 8. Bh6 Bxh6 9. Qxh6 d5 10. Qg7 Rf8 11. Qxh7 1/2-1/2

[Event "SLO-chT West"]
[Site "Bled"]
[Date "2004.11.05"]
[Round "1"]
[White "Vesel, Mark"]
[Black "Marinsek, Tomaz"]
[Result "0-1"]
[WhiteElo "1852"]
[BlackElo "2213"]
[PlyCount "66"]
[EventDate "2004.11.05"]
[EventType "team"]
[EventRounds "9"]
[EventCountry "SLO"]
[SourceTitle "EXT 2009"]
[Source "ChessBase"]
[SourceDate "2008.11.26"]
[SourceVersion "1"]
[SourceVersionDate "2008.11.26"]
[SourceQuality "1"]

1. e4 d5 2. exd5 Qxd5 3. Nc3 Qa5 4. d4 c6 5. Nf3 Nf6 6. Bd2 Bf5 7. Bc4 e6 8. Bb3 Qd8 9. Qe2 Be7 10. h3 0-0 11. g4 Bg6 12. 0-0-0 a5 13. a4 Na6 14. h4 Nxg4 15. h5 Bf5 16. Rdg1 Nb4 17. Ne4 b5 18. Ng3 Bf6 19. Nxf5 exf5 20. c3 Re8 21. Qf1 bxa4 22. Bc4 Nd5 23. Bd3 a3 24. Bxf5 Qb6 25. bxa3 Rab8 26. Rxg4 Qb2+ 27. Kd1 Qa1+ 28. Kc2 Qb2+ 29. Kd1 Nxc3+ 30. Bxc3 Qxc3 31. Qd3 Qa1+ 32. Kc2 Rb2+ 33. Kc3 Qxa3+ 0-1

[Event "SLO-ch U20"]
[Site "Kranj"]
[Date "1996.??.??"]
[Round "6"]
[White "Spilak, Tomislav"]
[Black "Vesel, Mark"]
[Result "1-0"]
[WhiteElo "1845"]
[BlackElo "1865"]
[PlyCount "47"]
[EventDate "1996.??.??"]
[EventType "swiss"]
[EventRounds "7"]
[EventCountry "SLO"]
[SourceTitle "EXT 1998"]
[Source "ChessBase"]
[SourceDate "1997.11.17"]
[SourceVersion "1"]
[SourceVersionDate "1997.11.17"]
[SourceQuality "1"]

1. e4 Nf6 2. e5 Nd5 3. d4 d6 4. c4 Nb6 5. f4 dxe5 6. fxe5 Nc6 7. Be3 Bf5 8. a3 e6 9. Nf3 Bg4 10. Nbd2 Be7 11. Be2 0-0 12. 0-0 f6 13. exf6 Bxf6 14. Ne4 Ne7 15. Nxf6+ gxf6 16. Nh4 Nxc4 17. Bf2 Bxe2 18. Qxe2 Qd5 19. b3 Nd6 20. Rac1 Nc6 21. Qg4+ Kh8 22. Qh3 Rf7 23. Rc5 Qe4 24. Re1 1-0